000 00551nam a2200181Ia 4500
008 151018s9999 xx 000 0 und d
082 _bRBASDV7975
_a891.463
100 _aवसंत देशमुख
245 _aमधुरिका
250 _b1
260 _bकेशव भिकाजी ढवळे मुंबई
_c1969
300 _a164
600 _aवसंत देशमुख
630 _aमधुरिका
700 _aवसंत देशमुख
730 _aमधुरिका
942 _cBOOK
999 _c1010340
_d1010337